000 01282nam0a22002891 4500
001 RU\NLR\INFOCOMM_196\5000024753
005 20250613093352.0
035 _a(NLR Aleph) 009200448
090 _a8686471
_c8686470
100 _a20100424d1971 |||y0rusy50 ca
101 0 _afre
102 _aRU
105 _ay ||||000|y
200 1 _aOrganisation des activités du service sanitaire et épidémiologique de la RSS d'Ouzbekistan dans le domaine du contrôle de la construction et de l'aménagement des agglomérations
_fP. I. Tchitchenin
_gMin. de la santé publique de l'URSS. Inst. central de perfectionnement des médecins. Séminaire inter-régional de l'OMS sur les aspects sanitaires de la planification des villes en URSS
210 _aМ.
_d1971
215 _a[1], 15 с.
_d20 см
686 _aˆ[‰Р121.70]
_2rubbk
686 _aМе2-188
_2rubbk
686 _aР1192)1
_2rubbk
700 1 _9z01790
_aČičenin
_bP. I.
_gPetr Ivanovič
_4070
712 0 2 _aOrganisation mondiale de la santé
_bSéminaire interrégional sur les aspects sanitaires de la planification des villes en URSS
_eMoscou
_f1968
_4570
790 1 _9z01700
_aTchitchenin
_bP. I.
_4070
801 1 _aRU
_bNLR
_c20100424
801 0 _aRU
_bNLR
_gPSBO
852 _aNLR
_jМд97 Д-4/544
942 _cBOOK
980 _aNB